| 000 | 00697nam a22002177a 4500 | ||
|---|---|---|---|
| 999 |
_c17494 _d17494 |
||
| 003 | AR-CdUCM | ||
| 008 | 190508b ||||| |||| 00| 0 spa d | ||
| 040 |
_aMUNICIPALIDAD PROVINCIAL DEL CUSCO _cBIBLIOTECA MUNICIPAL DEL CUSCO |
||
| 082 |
_a621.48 / _bS17 |
||
| 100 |
_aSchurr, Sam H. _937536 |
||
| 245 | _aAspectos economicos de la Energia atomica / | ||
| 260 |
_aMexico : _bFondo de cultura economica, _c1952. |
||
| 300 |
_a359 paginas ; _c24 cm. |
||
| 505 | _aContenido: Primera parte -- Segunda parte -- Tercera parte | ||
| 650 |
_aFisica _92382 |
||
| 650 |
_aQuimica _94512 |
||
| 650 |
_aEnergia _915841 |
||
| 650 |
_aAtomica _922952 |
||
| 942 |
_2ddc _cLIBROS |
||
| 945 |
_apjha _d2019-05-08 |
||